NBA Teams by Time Zone Quiz Stats

 Plays Quiz Updated Oct 8, 2018

Challenge
Share
Tweet
Embed
Score 0/30 Timer 06:00
0 Plays Today
Question Answer Wrong Answers
Celtics Eastern
90.9%
Central
1.5%
Mountain
0.5%
Pacific
0.7%
Knicks Eastern
90.8%
Central
1.4%
Mountain
0.6%
Pacific
0.8%
Nets Eastern
90.1%
Central
1.8%
Mountain
0.7%
Pacific
0.9%
Lakers Pacific
89.6%
Eastern
1.7%
Central
1.6%
Mountain
0.8%
Heat Eastern
88.7%
Central
2%
Mountain
0.6%
Pacific
2.3%
76ers Eastern
88.7%
Central
2.7%
Mountain
0.8%
Pacific
1.3%
Clippers Pacific
88.6%
Eastern
2.2%
Central
2%
Mountain
1%
Warriors Pacific
88.4%
Eastern
2.1%
Central
1.8%
Mountain
1.1%
Magic Eastern
87.3%
Central
2.9%
Mountain
1%
Pacific
2.3%
Kings Pacific
86.2%
Eastern
2.4%
Central
2.9%
Mountain
1.9%
Wizards Eastern
86.1%
Central
2.5%
Mountain
1.2%
Pacific
3.6%
Hawks Eastern
84%
Central
6.7%
Mountain
1.3%
Pacific
1.5%
Nuggets Mountain
82.6%
Eastern
2%
Central
6.5%
Pacific
2.5%
Mavericks Central
82.4%
Eastern
2.5%
Mountain
6.5%
Pacific
2.3%
Rockets Central
81.8%
Eastern
2.2%
Mountain
6.2%
Pacific
3.4%
Hornets Eastern
81%
Central
9.2%
Mountain
1.7%
Pacific
1.5%
Trailblazers Pacific
79.7%
Eastern
2.8%
Central
4.3%
Mountain
6.7%
Jazz Mountain
79.2%
Eastern
2.1%
Central
6.4%
Pacific
5.7%
Spurs Central
78.4%
Eastern
1.9%
Mountain
8.6%
Pacific
4.7%
Raptors Eastern
76.3%
Central
11.5%
Mountain
3.9%
Pacific
2%
Thunder Central
76.2%
Eastern
2.5%
Mountain
11.7%
Pacific
3%
Timberwolves Central
75%
Eastern
4%
Mountain
12.3%
Pacific
2.1%
Bucks Central
74.8%
Eastern
14.2%
Mountain
3.6%
Pacific
0.9%
Pelicans Central
71.7%
Eastern
16.2%
Mountain
2.7%
Pacific
3.1%
Cavaliers Eastern
71.3%
Central
20.8%
Mountain
0.7%
Pacific
0.6%
Bulls Central
70.8%
Eastern
21.4%
Mountain
0.8%
Pacific
0.6%
Grizzlies Central
61.3%
Eastern
21.5%
Mountain
7.6%
Pacific
3.2%
Pistons Eastern
57%
Central
34.6%
Mountain
1.5%
Pacific
0.8%
Suns Mountain
49.2%
Eastern
2.1%
Central
6.1%
Pacific
36.4%
Pacers Eastern
47.3%
Central
43.7%
Mountain
1.6%
Pacific
1.2%

You're not logged in!

Compare scores with friends on all Sporcle quizzes.
OR
Log In

You Might Also Like...

Show Comments

Extras

Top Quizzes Today


Score Distribution

Your Account Isn't Verified!

In order to create a playlist on Sporcle, you need to verify the email address you used during registration. Go to your Sporcle Settings to finish the process.

Report this User

Report this user for behavior that violates our Community Guidelines.

Details: